000 00701cam a22002174a 4500
005 20250827113855.0
008 250528s ||||||||||||||||||||||||d
035 _a15543
020 _a29462975
040 _aGR-AtMCL
_bgre
_dGR-AtMCL
_eAACR2
245 1 _aComputer Organization and Architecture / Principles of Structure and Function Second Edition
250 _a2nd
260 _c1990
300 _a624
520 _aPreface, Overview, The Computer System, The Central Processing Unit, The Control Unit, Parallel Organization, Glossary, References, Index.
700 1 _aStallings, William
_91498
942 _cBK
710 2 _aMacmillan Company
_99720
999 _c1117
_d1117